Proces tvorby US GAAP (jako inspirace pro tvorbu českých účetních standardů)

Finančné účtovníctvo v USA. Definícia finančného účtovníctva. Orgány, zabezpečujúce vydávanie US GAAP. Rada pre vydávanie štandardov finančného účtovníctva (FASB- Financial accounting standards board). Predchodcovia FASB a jej vývoj. Postup pri tvorbe účtovných štandardov. Perspektívy FASB. Proces...

ver descrição completa

Na minha lista:
Detalhes bibliográficos
Autor principal: Müllerová, Libuše
Formato: Capítulo de Livro
Idioma:tcheco
Assuntos:
Tags: Adicionar Tag
Sem tags, seja o primeiro a adicionar uma tag!

MARC

LEADER 00000naa$a2200000$$$4500
001 0011861
005 20231114081401.6
041 0 |a cze 
044 |a CZ 
245 1 0 |a Proces tvorby US GAAP (jako inspirace pro tvorbu českých účetních standardů)  |c aut. Libuše Müllerová 
520 |a Finančné účtovníctvo v USA. Definícia finančného účtovníctva. Orgány, zabezpečujúce vydávanie US GAAP. Rada pre vydávanie štandardov finančného účtovníctva (FASB- Financial accounting standards board). Predchodcovia FASB a jej vývoj. Postup pri tvorbe účtovných štandardov. Perspektívy FASB. Proces zbližovania IFRS a US GAAP. 
610 2 0 |a štandardy účtovné medzinárodné 
610 2 0 |a aproximácia práva 
610 2 0 |a Európska únia 
610 2 0 |a normy medzinárodné 
610 2 0 |a účtovníctvo finančné 
610 2 0 |a USA 
610 2 0 |a dejiny 
100 1 |a Müllerová, Libuše